000 00547nam a22001577a 4500
003 NUST
038 _aNusrat Nadeem
082 _a200
100 _aKhan, Muhammad Waleed
_9130502
245 _aA Framework for Integrating Person Re-Identification with Retail and Marketing Systems/
_cMuhammad Waleed Khan,
264 _aIslamabad:
_bSEECS NUST.
_c2025.
650 _aMS- Electrical Engineering
_923567
700 _aSupervisor: Dr. Fahad Ahmed Satti
_9127204
856 _uhttp://10.250.8.41:8080/xmlui/handle/123456789/54426
942 _2ddc
_cSC
999 _c614695
_d614695